000 nam a22 7a 4500
999 _c332004
_d332004
003 NUST
005 20171107104415.0
008 171107b xxu||||| |||| 00| 0 eng d
020 _a0643064532
040 _c0
082 _a628.2109945 VIC
245 _aUrban Stormwater:
_bbest practice environmental management guidelines.
260 _aAustralia
_bCSIRO
_c2002
300 _a268p.
500 _aP.B
942 _2ddc
_cBK
_kIESE